000 02793cam a22012134i 4500
003 PE-LiUPU
005 20260304114222.0
008 260304b |||||||| |||| 00| 0 spa d
020 _a9786071736451
040 _aPE-LiUPU
_bspa
_cPE-LiUPU
_erda
049 _aPRUA
082 0 4 _a375.001
_bC335t
_223
100 1 _aCasarini Ratto, Martha,
_eautor.
245 1 0 _aTeoría y diseño curricular /
_cMartha Casarini Ratto.
250 _aCuarta edición.
_bReimpresión 2021.
264 1 _aMéxico :
_bTrillas,
_c2019.
300 _a274 páginas :
_bilustraciones ;
_c24 cm
336 _atext
_2rdacontent
337 _aunmediated
_2rdamedia
338 _avolume
_2rdacarrier
500 _aReimpresión 2021.
504 _aIncluye bibliografías e indices
505 0 _aAcercamiento al currículum -- Las fuentes del currículum -- Diseño y desarrollo del currículum -- La evaluación del currículum.
526 _aP202
526 _aP201
526 _aP163
526 _aP162
526 _aP161
526 _aP160
526 _aP148
526 _aP147
526 _aP146
526 _aP145
526 _aP144
526 _aP143
526 _aP142
526 _aP141
526 _aP140
526 _aP139
526 _aP138
526 _aP137
526 _aP136
526 _aP135
526 _aP134
526 _aP133
526 _aP129
526 _aP128
526 _aP127
526 _aP120
526 _aP119
526 _aP118
526 _aP116
526 _aP115
526 _aP114
526 _aP110
526 _aP109
526 _aP108
526 _aP104
526 _aP103
526 _aP102
526 _aP99
526 _aP98
526 _aP97
526 _aP96
526 _aP95
526 _aP93
526 _aP90
526 _aP89
526 _aP88
526 _aP83
526 _aP82
526 _aP62
526 _aP59
526 _aP58
526 _aP57
526 _aP51
526 _aP49
526 _aP48
526 _aP47
526 _aP29
526 _aP24
526 _aP20
526 _aP19
526 _aP17
526 _aP15
526 _aP14
526 _aP12
526 _aP10
526 _aP09
526 _aP08
526 _aP07
526 _aP06
526 _aP05
526 _aP04
526 _aP01
650 1 4 _aCurrículo.
_9398
650 2 4 _aDiseño curricular
_98186
650 2 4 _aDesarrollo curricular
_98191
650 2 4 _aEvaluación curricular
_98192
910 _agl20110621
942 _2ddc
_cBK
980 _818226
_gJaime Vilcazán Jefe de Análisis Documental
_618226
_aJaime Vilcazán Jefe de Análisis Documental
999 _c63320
_d63319